Narodowości wszystkich Napastników Premier League - Statystyki

Ogólne statystyki
  • Ten quiz został rozwiązany 116 razy
    110 od ostatniego zresetowania
  • Średni wynik to 119 z 129
Statystyki odpowiedzi
Klub Imię I Nazwisko Narodowość % Poprawnych
City Jack Grealish Anglia
99%
City Phil Foden Anglia
99%
Arsenal Bukayo Saka Anglia
99%
Arsenal Reiss Nelson Anglia
99%
Arsenal Eddie Nketiah Anglia
99%
Chelsea Raheem Sterling Anglia
99%
Chelsea Noni Madueke Anglia
99%
United Marcus Rashford Anglia
99%
Newcastle Anthony Gordon Anglia
99%
Newcastle Harvey Barnes Anglia
99%
Newcastle Jacob Murphy Anglia
99%
Newcastle Callum Wilson Anglia
99%
Aston Villa Morgan Rogers Anglia
99%
Aston Villa Ollie Watkins Anglia
99%
Brighton Solly March Anglia
99%
Brighton Danny Welbeck Anglia
99%
Westham Jarrod Bowen Anglia
99%
Westham Danny Ings Anglia
99%
Westham Divin Mubama Anglia
99%
Brentford Keane Lewis-Potter Anglia
99%
Brentford Ivan Toney Anglia
99%
Palace Jeserun Rak-Sakyi Anglia
99%
Palace Luke Plange Anglia
99%
Forest Callum Hudson-Odoi Anglia
99%
Bournemouth Marcus Tavernier Anglia
99%
Bournemouth Dominic Solanke Anglia
99%
Everton Dwight McNeil Anglia
99%
Everton Lewis Dobbin Anglia
99%
Everton Jack Harrison Anglia
99%
Everton Dominic Calvert-Lewin Anglia
99%
Burnley Nathan Redmond Anglia
99%
Burnley Jay Rodriguez Anglia
99%
Sheffield Cameron Archer Anglia
99%
Sheffield Rhian Brewster Anglia
99%
Luton Andros Townsend Anglia
99%
Luton Carlton Morris Anglia
99%
Luton Elijah Adebayo Anglia
99%
Luton Cauley Woodrow Anglia
99%
City Julian Alvarez Argentyna
99%
United Alejandro Garnacho Argentyna
99%
Aston Villa Emiliano Buendia Argentyna
99%
Arsenal Gabriel Martinelli Brazylia
99%
Arsenal Gabriel Jesus Brazylia
99%
Chelsea Deivid Washington Brazylia
99%
Tottenham Richarlison Brazylia
99%
United Antony Brazylia
99%
Brighton Joao Pedro Brazylia
99%
Fulham Willian Brazylia
99%
Fulham Rodrigo Muniz Brazylia
99%
Wolves Matheus Cunha Brazylia
99%
United Anthony Martial Francja
99%
Aston Villa Moussa Diaby Francja
99%
Brentford Neal Maupay Francja
99%
Palace Michael Olise Francja
99%
Palace Odsonne Edouard Francja
99%
Palace Jean-Philippe Mateta Francja
99%
Burnley Wilson Odobert Francja
99%
Tottenham Bryan Gil Hiszpania
99%
Brighton Ansu Fati Hiszpania
99%
Fulham Adama Traore Hiszpania
99%
Wolves Pablo Sarabia Hiszpania
99%
Chelsea Diego Moreira Portugalia
99%
Liverpool Diogo Jota Portugalia
99%
Forest Rodrigo Ribeiro Portugalia
99%
Everton Beto Portugalia
99%
Everton Chermiti Portugalia
99%
Wolves Pedro Neto Portugalia
99%
Chelsea Mykhaylo Mudryk Ukraina
99%
Liverpool Darwin Nunez Urugwaj
99%
City Jeremy Doku Belgia
98%
Arsenal Leandro Trossard Belgia
98%
Forest Divock Origi Belgia
98%
Burnley Mike Tresor Belgia
98%
Burnley Benson Manuel Belgia
98%
Liverpool Cody Gakpo Holandia
98%
Bournemouth Justin Kluivert Holandia
98%
Everton Arnaut Danjuma Holandia
98%
City Oscar Bobb Norwegia
98%
City Erling Haaland Norwegia
98%
Tottenham Dejan Kulusevski Szwecja
98%
Newcastle Alexander Isak Szwecja
98%
Forest Anthony Elanga Szwecja
98%
Liverpool Luis Diaz Kolumbia
97%
Aston Villa Jhon Duran Kolumbia
97%
Bournemouth Luis Sinisterra Kolumbia
97%
Tottenham Heung-min Son Korea Południowa
97%
Wolves Hee-chan Hwang Korea Południowa
97%
United Rasmus Hojlund Dania
96%
Brentford Mikkel Damsgaard Dania
96%
Burnley Jacob Bruun Larsen Dania
96%
Sheffield William Osula Dania
96%
Liverpool Mohamed Salah Egipt
95%
Brighton Kaoru Mitoma Japonia
95%
Tottenham Timo Werner Niemcy
95%
Brentford Kevin Schade Niemcy
95%
Brighton Evan Ferguson Irlandia
91%
Luton Chiedozie Ogbene Irlandia
91%
Fulham Raul Jimenez Meksyk
90%
Liverpool Ben Doak Szkocja
89%
Sheffield Oli McBurnie Szkocja
89%
Luton Jacob Brown Szkocja
89%
Tottenham Brennan Johnson Walia
89%
Fulham Harry Wilson Walia
89%
Chelsea Nicolas Jackson Senegal
87%
Burnley Johann Berg Gudmundsson Islandia
85%
Aston Villa Leon Bailey Jamajka
82%
Westham Michail Antonio Jamajka
82%
Bournemouth Enes Unal Turcja
81%
Palace Jordan Ayew Ghana
78%
Bournemouth Antoine Semenyo Ghana
78%
Forest Taiwo Awoniyi Nigeria
78%
United Amad Diallo WKS
77%
Brighton Simon Adingra WKS
77%
Westham Maxwel Cornet WKS
77%
Burnley David Datro Fofana WKS
77%
Sheffield Ben Brereton Diaz Chile
76%
Newcastle Miguel Almiron Paragwaj
75%
Brighton Julio Enciso Paragwaj
75%
Wolves Enso Gonzalez Paragwaj
75%
Forest Chris Wood Nowa Zelandia
70%
Fulham Armando Broja Albania
69%
Brentford Bryan Mbeumo Kamerun
67%
Tottenham Manor Solomon Izrael
63%
Burnley Zeki Amdouni Szwajcaria
53%
Burnley Luca Koleosho Włochy
51%
Sheffield Daniel Jebbison Kanada
50%
Burnley Lyle Foster RPA
42%
Brentford Yoane Wissa DRK
36%
Bournemouth Dango Ouattara Burkina Faso
28%
Nie znaleziono quizów pasujących do podanych kryteriów
Rozkład punktacji
Procent ludzi z każdym wynikiem
Percentyl według liczby udzielonych odpowiedzi
Twoja historia wyników
Nie rozwiązałeś tego quizu od ostatniego zresetowania